[Event "Kimry op"]
[Site "Kimry"]
[Date "2003.??.??"]
[Round "8"]
[White "Asrian, Armen"]
[Black "Zukin, Alexandr"]
[Result "0-1"]
[WhiteElo "2205"]
[BlackElo "2279"]
[PlyCount "114"]
[EventDate "2003.??.??"]
[EventType "swiss"]
[EventRounds "9"]
[EventCountry "RUS"]
[SourceTitle "EXT 2006"]
[Source "ChessBase"]
[SourceDate "2005.11.24"]
[SourceVersion "1"]
[SourceVersionDate "2005.11.24"]
[SourceQuality "1"]

1. e4 c5 2. Nf3 d6 3. d4 cxd4 4. Nxd4 Nf6 5. Nc3 g6 6. Be3 Bg7 7. f3 0-0 8. Qd2 Nc6 9. g4 Be6 10. Nxe6 fxe6 11. Bc4 Qc8 12. 0-0-0 Ne5 13. Be2 Nc4 14. Bxc4 Qxc4 15. Bh6 Bxh6 16. Qxh6 b5 17. Qg5 b4 18. Qb5 Rac8 19. Qxc4 Rxc4 20. Ne2 e5 21. Ng3 Nd7 22. Rhf1 Nc5 23. Kb1 Ne6 24. Ne2 Rf7 25. b3 Rc8 26. Rd3 Ng5 27. Re3 Rcf8 28. Kb2 Rxf3 29. Rexf3 Rxf3 30. Rxf3 Nxf3 31. h3 Ng5 32. c3 bxc3+ 33. Nxc3 Nxh3 34. b4 h5 35. gxh5 gxh5 36. Nb5 Nf2 37. Nxa7 Nd3+ 38. Kc3 Nxb4 39. Kxb4 h4 40. Nc6 Kf7 41. a4 h3 42. a5 h2 43. a6 h1Q 44. a7 Qxe4+ 45. Kb5 Qd5+ 46. Kb6 Qc5+ 47. Kc7 Qa3 48. Kb7 e4 49. a8Q Qxa8+ 50. Kxa8 e3 51. Nd4 e5 52. Nc2 e2 53. Kb7 d5 54. Kc6 d4 55. Ne1 e4 56. Kd5 d3 57. Kxe4 d2 0-1

[Event "Kimry op"]
[Site "Kimry"]
[Date "2003.??.??"]
[Round "9"]
[White "Gromov, Artur"]
[Black "Zukin, Alexandr"]
[Result "1/2-1/2"]
[WhiteElo "2257"]
[BlackElo "2279"]
[PlyCount "46"]
[EventDate "2003.??.??"]
[EventType "swiss"]
[EventRounds "9"]
[EventCountry "RUS"]
[SourceTitle "EXT 2006"]
[Source "ChessBase"]
[SourceDate "2005.11.24"]
[SourceVersion "1"]
[SourceVersionDate "2005.11.24"]
[SourceQuality "1"]

1. Nf3 Nf6 2. g3 d5 3. Bg2 Bg4 4. Ne5 Bf5 5. d4 e6 6. c4 c6 7. Qb3 Qb6 8. Qxb6 axb6 9. Nc3 Nbd7 10. 0-0 Nxe5 11. dxe5 Nd7 12. cxd5 exd5 13. e4 dxe4 14. Bxe4 Bxe4 15. Nxe4 Nxe5 16. Bf4 f6 17. Bxe5 fxe5 18. Rfe1 Be7 19. Nc3 0-0 20. Rxe5 Bc5 21. Re2 Rae8 22. Rxe8 Rxe8 23. Rd1 Kf7 1/2-1/2

[Event "Kimry op"]
[Site "Kimry"]
[Date "2003.??.??"]
[Round "4"]
[White "Romanko, Alexandr"]
[Black "Zukin, Alexandr"]
[Result "1/2-1/2"]
[WhiteElo "2221"]
[BlackElo "2279"]
[PlyCount "48"]
[EventDate "2003.??.??"]
[EventType "swiss"]
[EventRounds "9"]
[EventCountry "RUS"]
[SourceTitle "EXT 2006"]
[Source "ChessBase"]
[SourceDate "2005.11.24"]
[SourceVersion "1"]
[SourceVersionDate "2005.11.24"]
[SourceQuality "1"]

1. e4 e5 2. Nf3 Nf6 3. Nxe5 d6 4. Nf3 Nxe4 5. c4 Be7 6. Nc3 Nxc3 7. dxc3 0-0 8. Be3 Nc6 9. Qc2 Bg4 10. Be2 Qd7 11. 0-0-0 Qe6 12. Bd3 Bxf3 13. gxf3 f5 14. f4 Rae8 15. Be2 Kh8 16. h4 Bf6 17. h5 Ne7 18. Rd2 a6 19. Qb3 Qe4 20. Rhd1 b6 21. Bd3 Qc6 22. Bf1 Rb8 23. a4 Rbd8 24. Be2 Rde8 1/2-1/2

[Event "Kimry op"]
[Site "Kimry"]
[Date "2003.??.??"]
[Round "6"]
[White "Zukin, Alexandr"]
[Black "Timofeev, Sergey"]
[Result "0-1"]
[WhiteElo "2279"]
[BlackElo "2401"]
[PlyCount "70"]
[EventDate "2003.??.??"]
[EventType "swiss"]
[EventRounds "9"]
[EventCountry "RUS"]
[SourceTitle "EXT 2006"]
[Source "ChessBase"]
[SourceDate "2005.11.24"]
[SourceVersion "1"]
[SourceVersionDate "2005.11.24"]
[SourceQuality "1"]

1. e4 c5 2. Nf3 d6 3. d4 cxd4 4. Nxd4 Nf6 5. Nc3 a6 6. Be3 e5 7. Nb3 Be6 8. f3 Be7 9. Qd2 h5 10. 0-0-0 Nbd7 11. Kb1 Qc7 12. f4 b5 13. Nd5 Bxd5 14. exd5 0-0 15. fxe5 Nxe5 16. Be2 Rfc8 17. c3 Nc4 18. Bxc4 bxc4 19. Nd4 Nxd5 20. Nf5 Nxe3 21. Qxe3 Bf8 22. Qg5 g6 23. Rhf1 Rab8 24. Ne3 Rb5 25. Nd5 Qb7 26. Rf2 Rb8 27. Rdd2 Bg7 28. Nf6+ Kh8 29. Qh4 Qe7 30. Rde2 Re5 31. Rxe5 Qxe5 32. g4 Rb5 33. gxh5 g5 34. Qd4 Qe1+ 35. Kc2 Rd5 0-1

[Event "Tula Club-ch op"]
[Site "Tula"]
[Date "2000.??.??"]
[Round "1"]
[White "Zukin, Alexandr"]
[Black "Zhelnin, Vladimir V"]
[Result "1/2-1/2"]
[WhiteElo "2155"]
[BlackElo "2489"]
[PlyCount "123"]
[EventDate "2000.??.??"]
[EventType "swiss"]
[EventRounds "9"]
[EventCountry "RUS"]
[SourceTitle "EXT 2002"]
[Source "ChessBase"]
[SourceDate "2001.11.25"]
[SourceVersion "1"]
[SourceVersionDate "2001.11.25"]
[SourceQuality "1"]

1. e4 c5 2. Nf3 a6 3. d4 cxd4 4. Nxd4 Nf6 5. Nc3 e5 6. Nb3 Bb4 7. Bd3 d5 8. exd5 Nxd5 9. Bd2 Nxc3 10. bxc3 Be7 11. 0-0 0-0 12. f4 exf4 13. Nd4 Nc6 14. Rxf4 g6 15. Nxc6 bxc6 16. Kh1 Bd6 17. Rc4 Be6 18. Rxc6 Bd5 19. Rxa6 Re8 20. Rxa8 Qxa8 21. Qg1 h5 22. a4 h4 23. Re1 h3 24. Bf1 Qxa4 25. Rxe8+ Qxe8 26. c4 Be4 27. Bc3 Qc6 28. Qf2 f5 29. Bd4 Kf7 30. Kg1 hxg2 31. Bxg2 Bxg2 32. Qxg2 Qxc4 33. c3 Qb3 34. Qe2 Qb1+ 35. Kg2 Qb7+ 36. Kg1 Qb3 37. Qf3 Qb1+ 38. Kg2 Qc2+ 39. Qf2 Qe4+ 40. Kg1 g5 41. Qa2+ Kg6 42. Qf2 Bf4 43. c4 Kh5 44. c5 g4 45. c6 Kg5 46. Bb6 Qb1+ 47. Kg2 Qc1 48. Qc5 Qd2+ 49. Qf2 Qd5+ 50. Kg1 Qd1+ 51. Kg2 Qc1 52. Qc5 Qd2+ 53. Qf2 Qd3 54. c7 Qd5+ 55. Kg1 Qd1+ 56. Kg2 Qc1 57. Qd4 Qc6+ 58. Kg1 Qc1+ 59. Kg2 Qc2+ 60. Kf1 Qc1+ 61. Kg2 Qc6+ 62. Kg1 1/2-1/2